| 000 | 00476nam a22001697a 4500 | ||
|---|---|---|---|
| 008 | 250521b |||||||| |||| 00| 0 eng d | ||
| 020 | _a9789785207842 | ||
| 050 |
_aRC280.B6 _b.E94 2013 |
||
| 100 | _aEyesan S.U. | ||
| 245 | _aManual Of Bone and Soft Tissue Tumours of the Extremities | ||
| 260 |
_aIbadan, Oyo Nigeria. _bBaptist Press _c2013 |
||
| 300 |
_axiv, 178p. _billustration; |
||
| 650 | _aOsteochondroma | ||
| 700 | _aNnodu O.A | ||
| 700 | _aIdowu O.K | ||
| 942 | _cBK | ||
| 999 |
_c3589 _d3589 |
||